00403 2200157 4500245005400000020002200054250000900076100001500085650001400100005001900114260005000133041001400183084001100197300002800208336000900236 aPers Ideal untuk Masa DemokrasicATMAKUSUMAhText a978-602-99530-9-1 a2018 aATMAKUSUMA aNon fiksi a20240904131217 aJakarta PusatbLembaga Pers Dr. Soetomoc2018 aIndonesia a312.02 a405 hlm. :c14 x 20 cm. atext